LIBRARY & INFORMATION CENTRE, KCAET, TAVANUR

ONLINE PUBLIC ACCESS CATALOGUE (OPAC)

Technological innovations in dryland farming systems (Record no. 13717)

MARC details
000 -LEADER
fixed length control field 00384nam a22001577a 4500
020 ## - INTERNATIONAL STANDARD BOOK NUMBER
ISBN 9788181895325
082 ## - DEWEY DECIMAL CLASSIFICATION NUMBER
Classification number 631.5861
Item number SHA/TE
100 ## - MAIN ENTRY--AUTHOR NAME
Personal name Sharma, B.C
245 ## - TITLE STATEMENT
Title Technological innovations in dryland farming systems
260 ## - PUBLICATION, DISTRIBUTION, ETC. (IMPRINT)
Place of publication Lucknow
Name of publisher IBDC Publishers
Year of publication 2010
300 ## - PHYSICAL DESCRIPTION
Number of Pages 404
700 ## - ADDED ENTRY--PERSONAL NAME
Personal name Anil Kumar
700 ## - ADDED ENTRY--PERSONAL NAME
Personal name Sharma, Vikas
700 ## - ADDED ENTRY--PERSONAL NAME
Personal name Bali, A.S
942 ## - ADDED ENTRY ELEMENTS (KOHA)
Koha item type Books
Holdings
Withdrawn status Lost status Damaged status Collection code Home library Current library Shelving location Date acquired Source of acquisition Cost, normal purchase price Full call number Accession Number Koha item type
      Non-fiction KAUAET KAUAET General Stacks 31/03/2012 International Books and periodical supply service, New Delhi 1250.00 631.5861 SHA/TE 23434 Books
free website counter